|
|
|
|
| LEADER |
00000nam a22000007i 4500 |
| 001 |
IT\ICCU\UBO\1235502 |
| 003 |
ItRI |
| 005 |
20260115231922.0 |
| 008 |
010310s2000 it |||||| ||||| |||||c |
| 020 |
|
|
|a 8874350562 (Rist. 2014)
|
| 020 |
|
|
|a 8879842285
|
| 040 |
|
|
|b ita
|c importazione bologna sebina
|
| 041 |
|
7 |
|a ita
|2 ISO-639-2
|
| 100 |
1 |
|
|a Yamamoto, Tsunetomo
|0 IT\ICCU\LO1V\133875
|4 aut
|
| 240 |
1 |
0 |
|a Hagakure
|3 IT\ICCU\CFI\0537905
|9 Yamamoto, Tsunetomo
|
| 245 |
1 |
3 |
|a Il codice segreto dei Samurai :
|b Hagakure /
|c Yamamoto Tsunetomo.
|
| 260 |
|
|
|a Milano ;
|a Trento :
|b Luni,
|c [2000]
|
| 300 |
|
|
|a 195 p. ;
|c 24 cm
|
| 500 |
|
|
|a Data di pubblicazione ricavata dal colophon.
|
| 500 |
|
|
|a Traduzione di Luigi Soletta
|
| 650 |
|
7 |
|a Samurai
|x Etica
|x Giappone
|x Sec. 20.
|2 scbi
|
| 700 |
1 |
|
|a Soletta, Luigi,
|d (1929-2016)
|0 IT\ICCU\LO1V\133876
|4 trl
|
| 790 |
0 |
|
|a Tsunetomo
|3 IT\ICCU\CFIV\190995
|z Yamamoto, Tsunetomo
|
| 790 |
1 |
|
|a Tsunetomo, Yamamoto
|3 IT\ICCU\CFIV\136533
|z Yamamoto, Tsunetomo
|
| 830 |
|
3 |
|a Le vie dell'armonia. Quaderni tecnici ;
|v 13
|0 IT\ICCU\CFI\0271805
|
| 942 |
|
|
|2 ddc
|c BK
|n 0
|
| 952 |
|
|
|0 0
|1 0
|4 0
|6 DOC_170_952000000000000_TSU
|7 0
|9 16518
|a BO
|b BO
|d 2026-01-15
|i 8187
|l 0
|o DOC 170.952 TSU
|p BO8187
|r 2026-01-15 23:19:22
|w 2026-01-15
|x [Sebina 5] [1 v.]
|y BK
|z 1 v.
|
| 999 |
|
|
|c 14148
|d 14148
|